| 000 | 00467nam a22001692 4500 | ||
|---|---|---|---|
| 001 | 0000006145 | ||
| 005 | 20170406121252.0 | ||
| 008 | 151215s xx 000 0 eng d | ||
| 020 | _c$ | ||
| 040 |
_aYour Holding Symbol _cYour Holding Symbol |
||
| 245 | 1 | 0 | _aEnglish workbook 2. |
| 250 | _a ed. | ||
| 260 |
_aHarare : _bZPH, _c2000. |
||
| 300 |
_a118 p. : _bILL ; _c cm. |
||
| 650 | 0 | _aENGLISH WORKBOOK FOR PRIMARY AGE 4-6. | |
| 908 | _a151215 | ||
| 999 |
_c5899 _d5899 |
||